00660nam a2200217Ia 4500008004100000020001800041050001600059050001400075100001700089245004800106245001700154260001300171260002200184260000900206300001600215300001100231650002900242650003800271999001900309952011400328180523s9999 xx 000 0 und d a81-7224-630-7 aMAIN BF 503 b.K56 2004 aKim, Sang H. 0a1001 ways to motivate yourself and others / 0cSang H. Kim. aMumbai : bJaico Publishing, c2004 a175 pages : c22 cm. aMotivation (Psychology). xSuccess -- Psychological aspects. c356517d356517 001040aSMCbSMCcMAINd2018-05-23l0oMAIN BF 503 .K56 2004pSMC00772r2018-05-23 00:00:00w2018-05-23yBK